000 00668nam a2200181Ia 4500
003 GCL
008 140319s9999 xx 000 0 ara d
040 _aGCL /
_cGCL
082 0 4 _aد
_b050
_bد هـ
245 1 0 _aرجاء جارودى والاساطير الاسرائيلية ( الهلال سبتمبر 1996 )
260 _aالقاهرة :
_bدار الهلال للطباعة والنشر ،
_c1996
650 0 4 _aالقصص العربية
650 0 4 _aالنزاع العربى الاسرائيلى
650 0 4 _aاسرائيل
650 0 4 _aاللغة العربية - النحو
650 0 4 _aمصر - تاريخ - العصر الحديث
942 _2ddc
_cCR
999 _c6715
_d6715